|
|
|
|
| LEADER |
00791nam a22002171i 4500 |
| 001 |
c000053503 |
| 003 |
CARM |
| 005 |
00000000000000.0 |
| 008 |
851113s1961 nyu 00000 eng d |
| 019 |
1 |
|
|a 4115085
|5 LACONCORD2021
|
| 035 |
|
|
|a (OCoLC)573919
|5 LACONCORD2021
|
| 050 |
0 |
0 |
|a Z668
|b .W54 1961
|
| 100 |
1 |
|
|a White, Carl M.
|q (Carl Milton)
|d 1903-
|
| 245 |
1 |
4 |
|a The origins of the American library school.
|
| 260 |
|
|
|a New York :
|b Scarecrow Press,
|c 1961.
|
| 300 |
|
|
|a 211p.
|
| 650 |
|
0 |
|a Library schools
|z United States
|x History.
|
| 852 |
8 |
|
|b CARM
|h A2:AI28A0
|i B04452
|p 0200576
|f BK
|
| 082 |
0 |
|
|a 020.71173
|
| 999 |
f |
f |
|i d250dbb4-bb1c-5089-9c25-65280c672ebe
|s 61914d10-003d-5edd-9543-486ed9aa7bc6
|
| 952 |
f |
f |
|p Can circulate
|a CAVAL
|b CAVAL
|c CAVAL
|d CARM 1 Store
|e B04452
|f A2:AI28A0
|h Other scheme
|i book
|m 0200576
|